The rising sun : The Decline and Fall of the Japanese Empire, 1936-1945

This Pulitzer Prize–winning history of World War II chronicles the dramatic rise and fall of the Japanese empire, from the invasion of Manchuria and China to the atomic bombing of Hiroshima and Nagasaki. Told from the Japanese perspective, The Rising Sun is, in the author’s words, “a factual saga of...

Descrizione completa

Salvato in:
Dettagli Bibliografici
Autore principale: Toland, John
Natura: Libro
Lingua:Undetermined
Pubblicazione: New York Random House 1970
Soggetti:
Tags: Aggiungi Tag
Nessun Tag, puoi essere il primo ad aggiungerne! !
Thư viện lưu trữ: Trung tâm Học liệu Trường Đại học Cần Thơ
LEADER 01030nam a2200217Ia 4500
001 CTU_114317
008 210402s9999 xx 000 0 und d
082 |a 940.5352 
082 |b T647 
100 |a Toland, John 
245 4 |a The rising sun : 
245 4 |b The Decline and Fall of the Japanese Empire, 1936-1945 
245 0 |c John Toland 
260 |a New York 
260 |b Random House 
260 |c 1970 
520 |a This Pulitzer Prize–winning history of World War II chronicles the dramatic rise and fall of the Japanese empire, from the invasion of Manchuria and China to the atomic bombing of Hiroshima and Nagasaki. Told from the Japanese perspective, The Rising Sun is, in the author’s words, “a factual saga of people caught up in the flood of the most overwhelming war of mankind, told as it happened—muddled, ennobling, disgraceful, frustrating, full of paradox.” 
650 |a World war, 1939-1945 
650 |z Japan 
904 |i Giang 
980 |a Trung tâm Học liệu Trường Đại học Cần Thơ